01253 2200361 4500001002100000005001500021035002000036007000300056008004100059020002200100082001600122084001800138100003300156245016100189250003400350300004300384650004500427700002600472700002800498700003600526700003600562264003400598336002100632337003000653338002300683040002200706850001200728440002600740090002100766500006400787990002000851990002000871INLIS00000000089143420241129102217 a0010-1124000396ta241129s2024 jbia b ind d a978-623-98377-3-004223a574.403 a574.403 LAT e0 aLathifah Nur'ainiePengarang10aEnsiklopedia keajaiban tubuh /cLathifah Nur’aini, Qs. Emmus, Dzikri Hasan; penyunting, Moh. Musa Qadarsyah, Dzikri Hasan; ilustrator, Nina Rachma Yuanita aCetakan pertama, Januari 2024 a...halaman :bgambar berwarna ;c21 cm 4aAnatomi manusia--vEnsiklopedi dan kamus1 aEmmus, Qs.ePengarang0 aDzikri HasanePengarang1 aMoh. Musa QadarsyahePenyunting0 aNina Rachma YuanitaeIlustrator31aBandung :bMagic Books,c2024 2rdacontentateks 2rdamediaatanpa perantara 2rdacarrieravolume aYOPDYOGbinderda aYOPDYOG aSeri pengetahuan anak aKR 574.403 LAT e aYang diterima buku 1 (anggota tubuh) & buku 2 (organ tubuh) a48202-PD/B.2024 a48203-PD/B.2024